Waves, atoms and solids /

Bewaard in:
Bibliografische gegevens
Hoofdauteur: Davies, D. A.
Formaat: Boek
Taal:English
Gepubliceerd in: London ; New York : Longman, 1978.
Reeks:Longman text
Onderwerpen:
LEADER 01128cam a2200337 a 4500
001 c000285017
003 CARM
005 20080721125959.0
008 770214s1978 enka b 001 0 eng
010 |a 77002192 
019 1 |a 856356  |z 49869105  |5 LACONCORD2021 
020 |a 0582441749 :  |c £4.50 
035 |a (OCoLC)2818251  |5 LACONCORD2021 
040 |a LC  |b eng  |c LC  |d NU 
050 4 |a QC176.8.E35  |b D38 
050 0 0 |a QC176.8.E35  |b D38 
050 1 4 |a QC176.8  |b .E35 D38 
082 0 4 |a 530.4/1 
082 0 4 |a D530.41 
100 1 |a Davies, D. A. 
245 1 0 |a Waves, atoms and solids /  |c D. A. Davies. 
260 |a London ;  |a New York :  |b Longman,  |c 1978. 
300 |a xi, 333 p. :  |b ill. ;  |c 22 cm. 
440 0 |a Longman text 
504 |a Includes bibliographies and index. 
650 0 |a Solids  |x Electric properties. 
650 0 |a Solids  |x Thermal properties. 
650 0 |a Semiconductors. 
852 8 |b CARM  |h A3:AR09B0  |i B10765  |p 0510203  |f BK 
999 f f |i 0170feb3-79c5-54eb-a798-2f19468c6872  |s 213fa305-f9b5-56b0-aa52-38ed78eee5c5 
952 f f |p Can circulate  |a CAVAL  |b CAVAL  |c CAVAL  |d CARM 1 Store  |e B10765  |f A3:AR09B0  |h Other scheme  |i book  |m 0510203